000 00980nam a2200241 i 4500
001 183365
003 ES-MaACL
005 20240125063158.0
008 140331s1934 sp | |||| ||spa d
080 _a159.964.2
100 1 _aFreud, Sigmund,
_d1856-1939
_952547
245 1 0 _aNuevas aportaciones a la psicoanálisis
_b; Esquema de la psicoanálisis y otros ensayos /
_cSigmund Freud ; traducción directa del alemán de Luis López-Ballesteros y de Torres.
250 _a1ª ed.
260 _aMadrid :
_bBiblioteca Nueva,
_c1934 (
_eSegovia :
_fEst. tip. El Adelantado de Segovia)
300 _a298 p. ;
_c22 cm.
490 1 _aObras completas del profesor S. Freud ;
_v17
650 0 4 _aPsicoanálisis.
_916530
700 1 _aLópez-Ballesteros y de Torres, Luis.
_973432
740 0 2 _aEsquema de la psicoanálisis y otros ensayos.
830 0 _aObras completas del profesor S. Freud ;
_v17
_9191914
852 _aES-MaACL
_jC-21039
999 _c183365
_d183365